Представление документа в формате RUSMARC

ПолеНазваниеЗначение
  Тип записи a
  Библиографический уровень m
001 Контрольный номер RU/REG73/CBS_GRAD/e6857b8432e541e1b208a390b003cd4d
005 Дата корректировки 20260212085007.6
200 Заглавие и сведения об ответственности 1_
a Заглавие Собрание сочинений
e Сведения, относящиеся к заглавию в десяти томах
f Первые сведения об ответственности Алексей Николаевич Толстой
203 Вид содержания и тип средства __
a Вид содержания Текст
b Характеристика содержания визуальный
c Тип средства непосредственный
210 Выходные данные 1_
a Место издания Москва
c Издательство Художественная литература
d Дата издания 1982 -
215 Физическое описание __
d Формат 21 см.
686 Индексы других классификаций __
a Классификационный индекс Р2
2 Код системы rubbk
700 Автор _1
a Фамилия Толстой Алексей Николаевич
801 Источник записи _0
a Страна RU
b Организация RuCBSGrad
c Дата составления 20260212
g Правила каталогизации RCR
801 Источник записи _1
a Страна RU
b Организация RuCBSGrad
c Дата составления 20260212
g Правила каталогизации RCR
852 Данные о местонахождении __
a Наименование организации МБУК ЦБС г. Димитровграда
i Авторский знак Т 52
z Тип записи R
901 Тип документа __
t Тип документа v
909 Создатель записи __
a Создатель записи Тенигина
b Дата создания записи 20260212